Štatistické metódy v metrologických a skúšobných laboratóriách

Gespeichert in:
Bibliographische Detailangaben
Hauptverfasser: Pálenčár, Rudolf, 1949- (Verfasst von), Ruiz, Jean Michel (Verfasst von), Janiga, Ivan (Verfasst von), Horníková, Adriana (Verfasst von)
Format: Buch
Sprache:Slowakisch
Veröffentlicht: Bratislava Grafické štúdio - Peter Juriga 2001
Schlagworte:
Online-Zugang:Im OPAC anzeigen
Tags: Tag hinzufügen
Keine Tags, Fügen Sie das erste Tag hinzu!

MARC

LEADER 00000nam a2200000 a 4500
005 20260127134317.0
008 160208s2001 xo ap r yy 0 slo
015 |a SNBA2001/11-03628 
020 |a 8096844938 
035 |a vtls001418073 
035 |a SNK000372871 
035 |a urn:nbn:sk:snk-amkn6o 
035 |a urn:nbn:sk:snk-am008ez6 
035 |a AE10B49F-984E-4611-AF2C-37E950D3C9AC 
039 9 |a 202001221011  |b AUTHORITY  |c 202001221002  |d AUTHORITY  |c 202001221000  |d AUTHORITY  |c 201602081845  |d VLOAD  |y 200412291259  |z VLOAD 
040 |a SNK  |b slo  |c SNK  |d STUSCHK1  |e AACR2 
041 0 |a slo 
044 |a xo  |c SK 
080 |a 519.2:389  |2 1981 
080 |a 389:519.2  |2 1981 
245 0 0 |a Štatistické metódy v metrologických a skúšobných laboratóriách  |c Rudolf Palenčár ... [et al.] 
260 |a Bratislava  |b Grafické štúdio - Peter Juriga  |c 2001 
300 |a 366 s.  |b sch., tab.  |c 25 cm 
650 0 7 |a metrológia  |x skúšobníctvo  |x metódy štatistické  |x monografie  |2 SNK 
655 7 |a príručky  |2 SNK 
700 1 |a Pálenčár, Rudolf,  |d 1949-  |4 aut  |9 110 
700 1 |a Ruiz, Jean Michel  |4 aut 
700 1 |a Janiga, Ivan  |4 aut  |9 1054 
700 1 |a Horníková, Adriana  |4 aut  |9 370 
910 |a SCHK95 
919 |a 80-968449-3-8 
958 |a TL 
958 |a NB 
999 |c 9449  |d 9449